000
00334nam a2200121Ia 4500
008
231129s9999||||xx |||||||||||||| ||spa||
020
_a
84-323-0069-1 (Vol
082
_a
HAJ 0007
100
_a
Bertaux Pierre
245
0
_a
ífrica volumen 32
264
_a
Madrid: Closas Orcoyen
942
_2
ddc
_c
BKS
999
_c
15523
_d
15523